LEADER 00875nam0 2200265 450 001 000008327 005 20071003075804.0 010 $a88-420-6993-0 100 $a20071003d2005----km-y0itay50------ba 101 0 $aita 102 $aIT 105 $ay-------001yy 200 1 $aCostituzionalismo e teoria del diritto$esistemi normativi contemporanei e modelli della razionalità giuridica$fGiorgio Bongiovanni 210 $aRoma$cLaterza$dc2005 215 $aVI, 213 p.$d23 cm 225 2 $aLibri del tempo Laterza$v378 410 0$12001$aLibri del tempo Laterza 610 1 $aDiritto Costituzionale 676 $a342.001$v20 700 1$aBongiovanni,$bGiorgio$0529118 801 0$aIT$bUNIPARTHENOPE$c20071003$gRICA$2UNIMARC 912 $a000008327 951 $a342-C/14$b39842$cNAVA1$d2007 996 $aCostituzionalismo e teoria del diritto$91059439 997 $aUNIPARTHENOPE LEADER 01720nam0 22004333i 450 001 MIL0072283 005 20251003044221.0 010 $a047118117X 010 $a047155359X 010 $a9780471181170 100 $a20081126d1969 ||||0itac50 ba 101 | $aeng$ceng 102 $aus 181 1$6z01$ai $bxxxe 182 1$6z01$an 183 1$6z01$anc$2RDAcarrier 200 1 $aOptimization by vector space methods$fDavid G. Luenberger 210 $aNew York [etc.]$cJ. Wiley$dc1969 215 $aXVII, 326 p.$d24 cm 225 | $aSeries in decision and control 300 $aBibliografia: P. 312-319. 410 0$1001MIL0072300$12001 $aSeries in decision and control 500 10$aOptimization by vector space methods$3TSA1800240$9UFIV002013$9456235 606 $aSpazio vettoriale topologico$2FIR$3MILC032585$9I 676 $a515$9ANALISI MATEMATICA$v14 676 $a515.73$9ANALISI FUNZIONALE. SPAZI VETTORIALI TOPOLOGICI$v22 696 $aSpazio topologico lineare$aSpazio topologico vettoriale 699 $aSpazio vettoriale topologico$ySpazio topologico lineare 699 $aSpazio vettoriale topologico$ySpazio topologico vettoriale 700 1$aLuenberger$b, David G.$f <1937- >$3UFIV002013$4070$06376 801 3$aIT$bIT-000000$c20081126 850 $aIT-BN0095 $aIT-NA0212 901 $bNAP 01$cSALA DING $n$ 901 $bNAP IB$cMONOGRAFIE$n$ 912 $aMIL0072283 950 0$aBiblioteca Centralizzata di Ateneo$c1 v.$d 01SALA DING 515 LUE.op$e 0102 0000008815 VMA A4 1 v.$fY $h19940418$i19940418 977 $a 01$a IB 996 $aOptimization by vector space methods$9456235 997 $aUNISANNIO